| 000 | 01765na a2200361 4500 | ||
|---|---|---|---|
| 001 | 20928 | ||
| 003 | MIRAKIL | ||
| 005 | 20181213154841.0 | ||
| 008 | 170129b tu 000 0 | ||
| 040 |
_aMilas _btur _cTR-AnCHP |
||
| 041 | _atur | ||
| 082 |
_aCHP 351.72 _bC3635s 2010 |
||
| 090 | _aBROŞÜR 275 | ||
| 110 |
_aCumhuriyet Halk Partisi (CHP) _bGenel Merkez (GM) |
||
| 245 |
_aSayışatayın siyasallaştırılması ve bağımsız denetimin tasfiyesi _cCumhuriyet Halk Partisi Genel Merkezi |
||
| 246 | _aBağımsız denetimin tasfiyesi | ||
| 260 |
_aAnkara _b[CHP] _c2010 _fGenç Ofset |
||
| 300 |
_a13 s. _brnk. res. _c21 sm. |
||
| 440 |
_aCumhuriyet Halk Partisi yayınları _pRaporlar |
||
| 505 | _a1. AKP sayıştay denetiminden neden hoşlanmaz? - 2. Sayıştayın siyasallaştırılması -- 3. Sayıştayın INTOSAI denetim standartlarına göre denetim yapmasının engellenmesi - 4. Sayıştay'ın performans denetimi yetkisinin elinden alınması - 5. Sayıştayın yaptığı performans denetimlerine ilişkin raporların sayıştay başkanı tarafından sümenaltı edilmesi | ||
| 610 |
_aCHP _xRaporlar _ySayıştay |
||
| 650 | _aHukuk ve yasama | ||
| 650 |
_aMali denetim _xSayıştay _zTürkiye |
||
| 650 | _aSayıştay | ||
| 740 | _aSayıştayın yaptığı performans denetimlerine ilişkin raporların sayıştay başkanı tarafından sümenaltı edilmesi | ||
| 740 | _aSayıştayın performans denetimi yetkisinin elinden alınması | ||
| 740 | _aSayıştayın INTOSAI denetim standartlarına göre denetim yapmasının engellenmesi | ||
| 740 | _aAKP sayıştay denetiminden neden hoşlanmaz? | ||
| 740 | _aBağımsız denetimin tasfiyesi | ||
| 830 | _aCHP raporları | ||
| 942 |
_2dcc _cBKS |
||
| 999 |
_c1983 _d1983 |
||